000 00631nam a22002057a 4500
003 OSt
005 20150220171316.0
008 150204b xxu||||| |||| 00| 0 eng d
040 _cBMC
082 _a813.5
100 1 _930906
_aSerling, Robert J.
245 1 0 _aWhisky, naranja o crimen
_cRobert J. Serling ; traducción de, Roger Pla
260 _aBuenos Aires
_bEmecé
_c1974
300 _a318 p.
_c18 cm
490 _aGrandes novelistas. La novela actual en el mundo
595 _aTraducción de: Coffee, tea or murder
650 2 4 _917595
_aNovela norteamericana
700 1 _931154
_aPla, Roger
_d1912-1982
942 _2ddc
_cBK
999 _c18165
_d18165